LEADER 01061nam a2200241 4500 001 000000354914 003 CaOOAMICUS 005 20230807141554.0 008 230807s1899 gw a 000 u fre r 040 $aSeMil$bita 100 11$aBaedeker, Karl,$c.$0(OLS)http://semarc/name/117991 245 10$aLondres et ses environs :$bmanuel du voyageur /$cpar K. Baedeker. 250 $a10. ed. refondue et mise a jour 264 1$aLeipzig :$bKarl Baedeker,$c1899. 300 $aXXX, 322, 44 p., [26] carte di tav. anche ripieg. :$bcarte geogr., carte topogr. ;$c16 cm 490 1 $aGuides Baedeker 650 4$aLondra - Guide.$0(OLS)http://semarc/subject/7316 830 0$aGuides Baedeker.$0(OLS)http://semarc/title/445014 850 $aSeMil 852 $aSeMil$W1$xVenegono$y1$m4Y III 25 FA$j242937$B246203$CSeMilBibl$Z2$F246203 $8I 996 $6245$aLondres et ses environs :$bmanuel du voyageur$9(OLS)http://semarc/title/445085 996 $6264$aLeipzig :$bKarl Baedeker$9(OLS)http://semarc/publisher/61140 LEADER 00965nam a2200253 i 4500 001 000000044120 003 CaOOAMICUS 005 20091002000000.0 008 091002s1964 fr u000 u fre u 013 $a15290 040 $aSeMil$bita 100 1 $aDondeyne, Albert <1901- >.$0(OLS)http://semarc/name/21936 240 10$aGeloof en Wereld.$0(OLS)http://semarc/title/65115 245 13$aLa foi écoute le monde /$cAlbert Dondeyne. 250 $a3. éd. 260 $aParis :$bÉditions Universitaires,$c1964. 300 $a325 p. ;$c21 cm. 490 0 $aNouvelle alliance 650 4$aFede.$0(OLS)http://semarc/subject/589 830 0$aNouvelle alliance.$0(OLS)http://semarc/title/29390 850 $aSeMil 852 $aSeMil$W1$xVenegono$y1$m2B III 317$j10275$B10275$CSeMilBibl$Z2$F10275 $81 996 $6245$aLa foi écoute le monde$9(OLS)http://semarc/title/65114 996 $6260$aParis :$bÉditions Universitaires$9(OLS)http://semarc/publisher/32852